000 01488cam a22004334i 4500
003 PE-LiUPU
005 20250731173259.0
008 150625s1926 enk r 000 0 spa d
035 _a(Sirsi) a36036
040 _aPE-LiUPU
_bspa
_cPE-LiUPU
_erda
082 0 4 _a220.5591
_bS77
_221
130 _aBiblia.
_lRumano.
_f1926.
245 1 0 _aSanta Escriptura :
_ba vechiului si a noului testamentu.
264 1 _aLondres :
_bSocietaea Biblica Pentru Britania Si Strainatate,
_c1926.
300 _a1015 páginas ;
_c18 centímetros
336 _atext
_2rdacontent
337 _aunmediated
_2rdamedia
338 _avolume
_2rdacarrier
500 _aThe Holy Bible in Rumanian, Reproduced from the edition of 1874.
505 0 _aBiblia en Rumano.
526 _aSEG42
526 _aSEG41
526 _aSEG40
526 _aSEG39
526 _aP94
526 _aP87
526 _aP86
526 _aP85
526 _aP77
526 _aP76
526 _aP35
630 _aBiblia.
_lRumano.
_f1926.
910 _baj
_cnm
_d20050511
942 _2ddc
_cBOOK
949 _a220.5591 S77
_wDEWEY
_c1
_i53989
_lCCODEBUL1
_mBUL
_p6.00
_r0
_sY
_tBOOK
_u2015-06-25
_xTEOLOGIA
_zUNKNOWN
_0COMPRA
_o.STAFF. Colección Teología
596 _a1
999 _a220.5591 S77
_wDEWEY
_c44065
_i53989
_d44065
_e2018-10-18
_f2021-11-9
_g5
_lCCODEBUL1
_mBUL
_n3
_p6.00
_q2
_r0
_sY
_tBOOK
_u2015-6-25
_xTEOLOGIA
_PP35
_0COMPRA
_o.STAFF. Colección Teología
980 _81
_gALBERTO SANCHEZ Responsable de Automatización